| 000 | 00870nas a2200289 4500 | ||
|---|---|---|---|
| 001 | BR2010002674 | ||
| 003 | BR-BrBNA | ||
| 005 | 20231205114241.0 | ||
| 007 | ta | ||
| 008 | 230509b bl.|||p| |||| 00| 00por d | ||
| 040 |
_aBR-BrBNA _bpor _cBiblioteca Nacional de Agricultura |
||
| 041 | _a(Pt) | ||
| 072 | _aF08 | ||
| 100 | 1 | _aFarinelli, R. | |
| 100 | 1 | _aFornasieri Filho, D. | |
| 100 | 1 | _aBordin, L. | |
| 100 | 1 | _aPenariol, F.G. | |
| 100 | 1 | _aVolpe, C.A. | |
| 245 | 1 | _aEfeitos de geada no desenvolvimento do feijoeiro em sucessão a espécies vegetais e adubação nitrogenada | |
| 650 | _aFEIJÃO | ||
| 650 | _aPLANTIO DIRETO | ||
| 650 | _aTEMPERATURA | ||
| 650 | _aNITROGÊNIO | ||
| 773 | 0 |
_tBragantia (Brazil) _xISSN 0006-8705 _g(Jan-Mar 2010), v. 69(1) p. 249-252 _wBR2010002674 |
|
| 909 |
_a202311 _bLúcia _c55 _dLúcia Elande |
||
| 942 |
_2AGRIS _n0 _cANA |
||
| 999 |
_c207832 _d207832 |
||